| 000 | 00462nam a22001577a 4500 | ||
|---|---|---|---|
| 082 |
_a621.11 _bROH |
||
| 100 |
_aRoha Shahzad (362382) _9124860 |
||
| 245 | _aImpacts of Smoke and Smog Particles on the Performance of PV Module / | ||
| 264 |
_aIslamabad : _bUSPCAS-E, NUST _cMarch, 2024. |
||
| 300 |
_axiii, 62 p. _e+CD |
||
| 520 | _aTH-564 | ||
| 650 | _aMS ESE Thesis | ||
| 650 |
_aMS Thesis _918721 |
||
| 700 |
_aDr. Nadia Shahzad _9117122 |
||
| 942 |
_2ddc _cTHE |
||
| 999 |
_c610645 _d610645 |
||